Loading...
| Literature - World | 0 | 4 | 0 | 1 | 40 | 49 | 82.50 | 0 | 2 | 0.00 | 0.00 |
| Science - Other | 0 | 4 | 1 | 0 | 35 | 48 | 65.50 | 1 | 3 | 0.00 | 0.00 |
| Science - Chemistry | 0 | 5 | 4 | 0 | 30 | 23 | 55.40 | 3 | 4 | 0.00 | 0.00 |
| History - World | 0 | 3 | 0 | 1 | 30 | 47 | 80.00 | 0 | 1 | 0.00 | 0.00 |
| Fine Arts - Other | 0 | 3 | 0 | 0 | 30 | 67 | 74.33 | 1 | 2 | 0.00 | 0.00 |
| Philosophy | 0 | 3 | 0 | 0 | 30 | 78 | 81.00 | 0 | 2 | 0.00 | 0.00 |
| Science - Physics | 0 | 3 | 1 | 2 | 25 | 58 | 88.67 | 1 | 1 | 0.00 | 0.00 |
| History - Other | 0 | 3 | 1 | 1 | 25 | 105 | 107.33 | 0 | 0 | 0.00 | 0.00 |
| Pop Culture | 0 | 2 | 0 | 0 | 20 | 49 | 70.50 | 1 | 1 | 0.00 | 0.00 |
| Science - Biology | 0 | 4 | 4 | 0 | 20 | 26 | 46.50 | 3 | 4 | 0.00 | 0.00 |
| History - American | 0 | 2 | 0 | 1 | 20 | 49 | 73.00 | 0 | 1 | 0.00 | 0.00 |
| Literature - American | 0 | 3 | 3 | 0 | 15 | 47 | 64.00 | 0 | 3 | 0.00 | 0.00 |
| Fine Arts - Classical Music | 0 | 2 | 1 | 0 | 15 | 52 | 61.50 | 0 | 2 | 0.00 | 0.00 |
| Literature - British | 0 | 2 | 1 | 1 | 15 | 105 | 111.50 | 0 | 0 | 0.00 | 0.00 |
| Current Events | 0 | 1 | 0 | 0 | 10 | 20 | 20.00 | 1 | 1 | 0.00 | 0.00 |
| History - European | 0 | 1 | 0 | 1 | 10 | 83 | 83.00 | 0 | 0 | 0.00 | 0.00 |
| Literature - European | 0 | 1 | 0 | 1 | 10 | 109 | 109.00 | 0 | 0 | 0.00 | 0.00 |
| Mythology | 0 | 1 | 1 | 0 | 5 | 94 | 94.00 | 0 | 0 | 0.00 | 0.00 |
| Geography | 0 | 1 | 1 | 0 | 5 | 102 | 102.00 | 0 | 0 | 0.00 | 0.00 |
| Painting/Sculpture | 0 | 1 | 3 | 0 | -5 | 111 | 111.00 | 0 | 0 | 0.00 | 0.00 |
| Social Science | 0 | 0 | 1 | 0 | -5 | 0.00 | 0 | 0 | 0.00 | 0.00 | |
| Religion | 0 | 0 | 2 | 0 | -10 | 0.00 | 0 | 0 | 0.00 | 0.00 |